[Event "GER-chT U10"]
[Site "Magdeburg"]
[Date "2016.12.29"]
[Round "6.1"]
[White "Gossing, Marie Sophie"]
[Black "Spehr, Neil"]
[Result "1/2-1/2"]
[WhiteElo "985"]
[BlackElo "948"]
[PlyCount "69"]
[EventDate "2016.12.27"]
[EventType "team-swiss"]
[EventRounds "7"]
[EventCountry "GER"]
[SourceTitle "EXT 2018"]
[Source "ChessBase"]
[SourceDate "2017.10.13"]
[SourceVersion "1"]
[SourceVersionDate "2017.10.13"]
[SourceQuality "1"]
[WhiteTeam "Luebeck"]
[BlackTeam "Paderborn Akademie II"]
[WhiteTeamCountry "GER"]
[BlackTeamCountry "GER"]

1. e4 e6 2. d4 d5 3. exd5 exd5 4. Bd3 Bd6 5. Nf3 Ne7 6. 0-0 Nbc6 7. Bg5 f6 8. Bh4 Bg4 9. c3 Qd7 10. Bg3 Bxg3 11. fxg3 g5 12. Bb5 h5 13. Qd3 h4 14. Re1 0-0-0 15. h3 Bxh3 16. gxh3 Qxh3 17. Kf2 hxg3+ 18. Ke2 g2 19. Ng1 Qxd3+ 20. Kxd3 f5 21. Nd2 g4 22. Re2 Rh2 23. Rae1 Ng6 24. Rf2 f4 25. Kc2 Rf8 26. Bxc6 bxc6 27. Re6 g3 28. Rfe2 f3 29. Ngxf3 Nf4 30. Re8+ Rxe8 31. Rxe8+ Kd7 32. Rg8 Nh5 33. Ra8 Kd6 34. b4 Rh1 35. a4 1/2-1/2

[Event "GER-chT U10"]
[Site "Magdeburg"]
[Date "2016.12.28"]
[Round "4.1"]
[White "Werner, Rosalie"]
[Black "Spehr, Neil"]
[Result "1-0"]
[WhiteElo "1364"]
[BlackElo "948"]
[PlyCount "51"]
[EventDate "2016.12.27"]
[EventType "team-swiss"]
[EventRounds "7"]
[EventCountry "GER"]
[SourceTitle "EXT 2018"]
[Source "ChessBase"]
[SourceDate "2017.10.13"]
[SourceVersion "1"]
[SourceVersionDate "2017.10.13"]
[SourceQuality "1"]
[WhiteTeam "Offenbach"]
[BlackTeam "Paderborn Akademie II"]
[WhiteTeamCountry "GER"]
[BlackTeamCountry "GER"]

1. e4 e6 2. d4 d5 3. e5 c5 4. c3 Qb6 5. Nf3 Nc6 6. a3 a5 7. Be2 Nge7 8. 0-0 g6 9. Ra2 Bg7 10. Be3 c4 11. Nbd2 a4 12. Ng5 Nf5 13. Bg4 Nxe3 14. fxe3 Nd8 15. Qf3 0-0 16. Qh3 h6 17. Ngf3 Nc6 18. Qg3 Na5 19. h4 h5 20. Bxh5 gxh5 21. Qg5 Bd7 22. Qxh5 Nb3 23. Ng5 Rfe8 24. Qxf7+ Kh8 25. Qh5+ Kg8 26. Qh7# 1-0